|
|
|
|
| LEADER |
00000nab a2200000 a 4500 |
| 001 |
vtls008986302 |
| 003 |
SK-MaSNL |
| 005 |
20260304140134.0 |
| 008 |
250505c2007 xo mr|p|||||||000 b|slo |
| 015 |
|
|
|a SNBRB2007/05
|2 snkbucl
|
| 035 |
|
|
|a (uuid)058e8249-3b02-495b-bec8-e8836deedca3
|
| 035 |
|
|
|a urn:nbn:sk:snk-abc1pd
|
| 035 |
|
|
|a (urnnbn)urn:nbn:sk:snk:ar-000irs
|
| 038 |
|
|
|a SNKBUCL
|
| 040 |
|
|
|a SNKBUCL
|b slo
|c SNKBUCL
|e AACR2
|
| 041 |
0 |
|
|a slo
|
| 044 |
|
|
|a xo
|c SK
|
| 080 |
|
|
|a 811.162.4`271.1/.2
|2 2001
|
| 080 |
|
|
|a 81`37:811.162.4
|2 2001
|
| 080 |
|
|
|a 81`276.2:811.162.4
|2 2001
|
| 080 |
|
|
|a 81`271.1/.2:811.162.4
|2 2001
|
| 080 |
|
|
|a 811.162.4`37
|2 2001
|
| 080 |
|
|
|a 811.162.4`276.2
|2 2001
|
| 100 |
1 |
|
|a Branko, Pavel,
|d 1921-2020
|4 aut
|9 85497
|
| 245 |
1 |
0 |
|a Úklady jazyka, alebo, Slovgličtina
|c Pavel Branko
|
| 650 |
0 |
7 |
|a vulgarizmy
|2 snkbucl
|9 78317
|
| 650 |
0 |
7 |
|a slovenčina
|2 SNKPH
|9 1350
|
| 650 |
0 |
7 |
|a jazyková kultúra
|2 snkbucl
|9 1395
|
| 773 |
0 |
|
|t Romboid
|g Roč. XLII, č. 3 (2007), s. 91-93
|x 0231-6714
|
| 850 |
|
|
|a Slovenská národná knižnica
|
| 852 |
|
|
|a Slovenská národná knižnica
|
| 958 |
|
|
|a article15
|
| 958 |
|
|
|a OND
|
| 958 |
|
|
|a SK
|
| 958 |
|
|
|a EUIPO
|
| 999 |
|
|
|c 2913843
|d 2915773
|